| 000 | 00407nam a2200145Ia 4500 | ||
|---|---|---|---|
| 008 | 231129s2018||||xx |||||||||||||| ||spa|| | ||
| 020 | _a978-958-30-5724-3 | ||
| 040 | _bspa | ||
| 082 | _a613.0438 L764j | ||
| 100 | _aLipman Frank | ||
| 245 | 0 | _aJoven y en forma para siempre | |
| 260 | _c2018 | ||
| 264 | _aBogotá Colombia : Panamericana Editorial | ||
| 942 |
_2ddc _cBKS |
||
| 999 |
_c16176 _d16176 |
||